Les grands penseurs de la politique : Trajets critiques en philosophie politique (notice n° 1925073)

détails MARC
000 -LEADER
fixed length control field 01662cam a2200133 4500500
005 - DATE AND TIME OF LATEST TRANSACTION
control field 20260329023139.0
041 ## - LANGUAGE CODE
Language code of text/sound track or separate title fre
042 ## - AUTHENTICATION CODE
Authentication code dc
100 10 - MAIN ENTRY--PERSONAL NAME
Personal name Corcuff, Philippe
Relator term author
245 00 - TITLE STATEMENT
Title Les grands penseurs de la politique : Trajets critiques en philosophie politique
260 ## - PUBLICATION, DISTRIBUTION, ETC.
Name of publisher, distributor, etc. Armand Colin,<br/>
Date of publication, distribution, etc. 2005.<br/>
520 ## - SUMMARY, ETC.
Summary, etc. 2e édition refondue À quelles entraves la quête de bonheur des groupes et des individus s'est-elle heurtée au cours de l'histoire ? Un monde plus juste est-il possible ? Comment organiser plus démocratiquement la vie des cités humaines ? Les grands penseurs de la politique, de Platon aux contemporaines, nous fournissent de très utiles repères. Face à l'épuisement des pensées du consensus et à l'émergence de nouvelles forces critiques (altermondialisme, etc.), relire la tradition occidentale, éclairer les débats contemporains, nouer un dialogue fécond entre pensées politiques et sociologies critiques s'impose comme une tâche essentielle; Ce petit livre d'introduction à la philosophie politique ouvre le sillon. À la fois solide, d'emprise globale et non-conformiste, il s'adresse aux étudiants des IEP, des autres cursus de science politique, de droit, d'AES et de philosophie, comme à tout le public citoyen. Philippe Corcuff est maître de conférences en science politique à Sciences Po Lyon. Anthropologies et philosophes politiques : de « la nature humaine » à la cité. Domination et justice. La philosophie politique, entre fondements et déconstruction.
856 41 - ELECTRONIC LOCATION AND ACCESS
Uniform Resource Identifier <a href="https://shs.cairn.info/les-grands-penseurs-de-la-politique--9782200342838?lang=fr&redirect-ssocas=7080">https://shs.cairn.info/les-grands-penseurs-de-la-politique--9782200342838?lang=fr&redirect-ssocas=7080</a>

Pas d'exemplaire disponible.

PLUDOC

PLUDOC est la plateforme unique et centralisée de gestion des bibliothèques physiques et numériques de Guinée administré par le CEDUST. Elle est la plus grande base de données de ressources documentaires pour les Étudiants, Enseignants chercheurs et Chercheurs de Guinée.

Adresse

627 919 101/664 919 101

25 boulevard du commerce
Kaloum, Conakry, Guinée

Réseaux sociaux

Powered by Netsen Group @ 2025